Every Formula One Car Since 1987 - Statistics

General Stats
  • This quiz has been taken 69 times
  • The average score is 321 of 500
Answer Stats
Picture Answer % Correct
Alpine
100%
Benetton
100%
Ferrari
100%
Ligier
100%
Lotus
100%
Lotus
100%
Mercedes
100%
Mercedes
100%
Red Bull
100%
Renault
100%
Toro Rosso
100%
Williams
100%
Williams
100%
Williams
100%
Audi
83%
Benetton
83%
Lotus
83%
Minardi
83%
Minardi
83%
Red Bull
83%
Red Bull
83%
Simtek
83%
Super Aguri
83%
Tyrrell
83%
Alfa Romeo
67%
Alfa Romeo
67%
Alfa Romeo
67%
Alfa Romeo
67%
Alfa Romeo
67%
Alfa Romeo
67%
Alpha Tauri
67%
Alpha Tauri
67%
Alpha Tauri
67%
Alpha Tauri
67%
Alpha Tauri
67%
Alpine
67%
Alpine
67%
Alpine
67%
Alpine
67%
Alpine
67%
Alpine
67%
Alpine
67%
Alpine
67%
Andrea Moda
67%
Andrea Moda
67%
Arrows
67%
Arrows
67%
Arrows
67%
Arrows
67%
Arrows
67%
Arrows
67%
Aston Martin
67%
Aston Martin
67%
Aston Martin
67%
Aston Martin
67%
Aston Martin
67%
Aston Martin
67%
BAR
67%
BAR
67%
BAR
67%
BAR
67%
BAR
67%
BAR
67%
BAR
67%
BAR
67%
Benetton
67%
Benetton
67%
Benetton
67%
Benetton
67%
Benetton
67%
Benetton
67%
Benetton
67%
Benetton
67%
Benetton
67%
Benetton
67%
Benetton
67%
Benetton
67%
BMW-Sauber
67%
BMW-Sauber
67%
BMW-Sauber
67%
BMW-Sauber
67%
Brabham
67%
Brabham
67%
Brabham
67%
Brabham
67%
Brawn
67%
Cadillac
67%
Caterham
67%
Caterham
67%
Caterham
67%
Dallara
67%
Dallara
67%
Dallara
67%
Ferrari
67%
Ferrari
67%
Ferrari
67%
Ferrari
67%
Ferrari
67%
Ferrari
67%
Ferrari
67%
Ferrari
67%
Ferrari
67%
Ferrari
67%
Ferrari
67%
Ferrari
67%
Ferrari
67%
Ferrari
67%
Ferrari
67%
Ferrari
67%
Ferrari
67%
Ferrari
67%
Ferrari
67%
Ferrari
67%
Ferrari
67%
Ferrari
67%
Ferrari
67%
Ferrari
67%
Ferrari
67%
Ferrari
67%
Ferrari
67%
Ferrari
67%
Ferrari
67%
Ferrari
67%
Ferrari
67%
Ferrari
67%
Ferrari
67%
Ferrari
67%
Ferrari
67%
Ferrari
67%
Ferrari
67%
Ferrari
67%
Ferrari
67%
Ferrari
67%
Footwork
67%
Footwork
67%
Footwork
67%
Footwork
67%
Footwork
67%
Force India
67%
Force India
67%
Force India
67%
Force India
67%
Force India
67%
Force India
67%
Force India
67%
Force India
67%
Force India
67%
Force India
67%
Force India
67%
Haas
67%
Haas
67%
Haas
67%
Haas
67%
Haas
67%
Haas
67%
Haas
67%
Haas
67%
Haas
67%
Haas
67%
Haas
67%
Honda
67%
Honda
67%
Honda
67%
HRT
67%
HRT
67%
HRT
67%
Jaguar
67%
Jaguar
67%
Jaguar
67%
Jaguar
67%
Jaguar
67%
Jaguar
67%
Jordan
67%
Jordan
67%
Jordan
67%
Jordan
67%
Jordan
67%
Jordan
67%
Jordan
67%
Jordan
67%
Jordan
67%
Jordan
67%
Jordan
67%
Jordan
67%
Jordan
67%
Jordan
67%
Jordan
67%
Leyton House
67%
Leyton House
67%
Ligier
67%
Ligier
67%
Ligier
67%
Ligier
67%
Ligier
67%
Ligier
67%
Ligier
67%
Ligier
67%
Lola
67%
Lotus
67%
Lotus
67%
Lotus
67%
Lotus
67%
Lotus
67%
Lotus
67%
Lotus
67%
Lotus
67%
Lotus
67%
Manor
67%
Marussia
67%
Marussia
67%
Marussia
67%
McLaren
67%
McLaren
67%
McLaren
67%
McLaren
67%
McLaren
67%
McLaren
67%
McLaren
67%
McLaren
67%
Mclaren
67%
McLaren
67%
McLaren
67%
McLaren
67%
McLaren
67%
McLaren
67%
McLaren
67%
McLaren
67%
McLaren
67%
McLaren
67%
McLaren
67%
McLaren
67%
McLaren
67%
McLaren
67%
McLaren
67%
McLaren
67%
McLaren
67%
McLaren
67%
McLaren
67%
McLaren
67%
McLaren
67%
McLaren
67%
McLaren
67%
McLaren
67%
McLaren
67%
McLaren
67%
McLaren
67%
McLaren
67%
McLaren
67%
McLaren
67%
McLaren
67%
McLaren
67%
McLaren
67%
McLaren
67%
Mercedes
67%
Mercedes
67%
Mercedes
67%
Mercedes
67%
Mercedes
67%
Mercedes
67%
Mercedes
67%
Mercedes
67%
Mercedes
67%
Mercedes
67%
Mercedes
67%
Mercedes
67%
Mercedes
67%
Mercedes
67%
Mercedes
67%
Midland
67%
Midland
67%
Minardi
67%
Minardi
67%
Minardi
67%
Minardi
67%
Minardi
67%
Minardi
67%
Minardi
67%
Minardi
67%
Minardi
67%
Minardi
67%
Minardi
67%
Minardi
67%
Minardi
67%
Onyx
67%
Pacific
67%
Prost
67%
Prost
67%
Prost
67%
Prost
67%
Prost
67%
Racing Bulls
67%
Racing Bulls
67%
Racing Bulls
67%
Racing Point
67%
Racing Point
67%
Red Bull
67%
Red Bull
67%
Red Bull
67%
Red Bull
67%
Red Bull
67%
Red Bull
67%
Red Bull
67%
Red Bull
67%
Red Bull
67%
Red Bull
67%
Red Bull
67%
Red Bull
67%
Red Bull
67%
Red Bull
67%
Red Bull
67%
Red Bull
67%
Red Bull
67%
Red Bull
67%
Red Bull
67%
Red Bull
67%
Red Bull
67%
Red Bull
67%
Red Bull
67%
Renault
67%
Renault
67%
Renault
67%
Renault
67%
Renault
67%
Renault
67%
Renault
67%
Renault
67%
Renault
67%
Renault
67%
Renault
67%
Renault
67%
Renault
67%
Renault
67%
Sauber
67%
Sauber
67%
Sauber
67%
Sauber
67%
Sauber
67%
Sauber
67%
Sauber
67%
Sauber
67%
Sauber
67%
Sauber
67%
Sauber
67%
Sauber
67%
Sauber
67%
Sauber
67%
Sauber
67%
Sauber
67%
Sauber
67%
Sauber
67%
Sauber
67%
Simtek
67%
Spyker
67%
Stake
67%
Stake
67%
Stewart
67%
Stewart
67%
Stewart
67%
Super Aguri
67%
Super Aguri
67%
Super Aguri
67%
Toro Rosso
67%
Toro Rosso
67%
Toro Rosso
67%
Toro Rosso
67%
Toro Rosso
67%
Toro Rosso
67%
Toro Rosso
67%
Toro Rosso
67%
Toro Rosso
67%
Toro Rosso
67%
Toro Rosso
67%
Toro Rosso
67%
Toro Rosso
67%
Toyota
67%
Toyota
67%
Toyota
67%
Toyota
67%
Toyota
67%
Toyota
67%
Toyota
67%
Toyota
67%
Tyrrell
67%
Tyrrell
67%
Tyrrell
67%
Tyrrell
67%
Tyrrell
67%
Tyrrell
67%
Tyrrell
67%
Tyrrell
67%
Virgin
67%
Virgin
67%
Williams
67%
Williams
67%
Williams
67%
Williams
67%
Williams
67%
Williams
67%
Williams
67%
Williams
67%
Williams
67%
Williams
67%
Williams
67%
Williams
67%
Williams
67%
Williams
67%
Williams
67%
Williams
67%
Williams
67%
Williams
67%
Williams
67%
Williams
67%
Williams
67%
Williams
67%
Williams
67%
Williams
67%
Williams
67%
Williams
67%
Williams
67%
Williams
67%
Williams
67%
Williams
67%
Williams
67%
Williams
67%
Williams
67%
Williams
67%
Williams
67%
Williams
67%
Williams
67%
Williams
67%
Arrows
50%
Arrows
50%
BMW-Sauber
50%
Coloni
50%
Dallara
50%
Dallara
50%
EuroBrun
50%
Fondmetal
50%
Fondmetal
50%
Footwork
50%
Footwork
50%
Forti
50%
Forti
50%
Forti
50%
Larrousse
50%
Larrousse
50%
Life
50%
Lola
50%
March
50%
March
50%
March
50%
March
50%
Marussia
50%
Minardi
50%
Onyx
50%
Osella
50%
Osella
50%
Pacific
50%
Rial
50%
Rial
50%
Sauber
50%
Sauber
50%
Tyrrell
50%
Tyrrell
50%
VCARB
50%
Venturi
50%
Zakspeed
50%
Zakspeed
50%
Zakspeed
50%
Brabham
33%
Coloni
33%
Coloni
33%
Coloni
33%
Coloni
33%
Coloni
33%
EuroBrun
33%
EuroBrun
33%
Fondmetal
33%
Lambo (Modena Team)
33%
Lola
33%
Lola
33%
Lola
33%
Lola
33%
Lola
33%
Lola
33%
Minardi
33%
Osella
33%
Osella
33%
Tyrrell
33%
Zakspeed
33%
AGS
17%
AGS
17%
AGS
17%
AGS
17%
AGS
17%
AGS
17%
AGS
17%
Coloni
17%
EuroBrun
17%
FIRST
0%
No matching quizzes found
Score Distribution
Percent of People with Each Score
Percentile by Number Answered
Your Score History
You have not taken this quiz